Statistiques concernant Adversaires de l'Equipe de France (Euro 2012,Coupe du monde 2014,Euro 2016)

Cliquez ici pour prendre le quiz!

Statistiques générales

  • Ce quiz a été pris 200 fois
  • Le résultat moyen est 14 sur 16

Statistiques - réponses

CompétitionStadeAdversaireRésultat% Correct
Euro 2016Demi-finaleAllemagne2-0
99%
CdM 2014Quarts de finaleAllemagne0-1
99%
Euro 2016FinalePortugal0-1 a.p.
99%
Euro 2012Quarts de finaleEspagne0-2
97%
CdM 20141er tourSuisse5-2
96%
Euro 20161er tourSuisse0-0
96%
Euro 2016Quarts de finaleIslande5-2
95%
Euro 2016Huitièmes de finaleIrlande2-1
93%
Euro 20161er tourRoumanie2-1
88%
Euro 20161er tourAlbanie2-0
85%
Euro 20121er tourSuède0-2
85%
CdM 20141er tourHonduras3-0
84%
Euro 20121er tourAngleterre1-1
82%
CdM 2014Huitièmes de finaleNigeria2-0
81%
Euro 20121er tourUkraine2-0
78%
CdM 20141er tourEquateur0-0
70%

Distribution des résultats

Percentile par nombre de réponses

% des personnes avec chaque résultat

Votre développement - résultats

Vous n’avez pas pris ce quiz